000 00636nam a2200181 a 4500
001 000043625
005 20201002044902.0
008 140331s1970 sp 000 0 spa d
040 _aDO-SdBNP
_bspa
_cBNPHU
100 1 _aByron, George Gordon
_d1788-1824
_971454
245 1 0 _aLas peregrinaciones de Childe-Harold :
_bEl corsario /
_cLord Byron; prólogo J. Enrique García Melero.
260 _aMadrid :
_bLibra,
_c1970.
300 _a206 p. ;
_c17 cm.
490 1 _aPurpura
_v21
500 _aDos obras encuadernadas juntas con paginación continua.
700 1 2 _aGarcía Melero, J. Enrique
_eprol.
_948168
830 0 _aPurpura
_n21
_971455
999 _c43114
_d43114